[Event "Qatar Masters Open 2023"]
[Site "Doha QAT"]
[Date "2023.10.15"]
[Round "5.30"]
[White "Suyarov, Mukhammadzokhid"]
[Black "Pranesh, M"]
[Result "0-1"]
[WhiteTitle "FM"]
[BlackTitle "GM"]
[WhiteElo "2340"]
[BlackElo "2515"]
[WhiteFideId "14210495"]
[BlackFideId "35028600"]
[EventDate "2023.10.11"]

1. e4 e5 2. Nf3 Nc6 3. Bb5 a6 4. Bxc6 dxc6 5. O-O Qf6 6. d4 exd4 7. Bg5 Qd6 8.
Nxd4 Be7 9. Bxe7 Nxe7 10. Nb3 Qxd1 11. Rxd1 b6 12. Nc3 Bd7 13. a4 a5 14. Nd4
O-O-O 15. f3 f6 16. Kf2 h5 17. Nce2 c5 18. Nb5 Be6 19. Ke1 Rde8 20. Kf2 g5 21.
Rd2 Kb8 22. Rad1 Ng6 23. b3 g4 24. Ng3 gxf3 25. gxf3 Nf4 26. Nc3 c4 27. bxc4
Bxc4 28. Ke3 Ne6 29. Nf5 Nc5 30. Rd4 Bf7 31. Ne2 Reg8 32. Nf4 Be8 33. Ra1 h4 34.
Kf2 Kb7 35. Ne7 Rg7 36. Ned5 Rf8 37. Nc3 Bc6 38. Rc4 Re8 39. Rb1 Nd7 40. Rd4 f5
41. exf5 Rf7 42. Ng6 Ne5 43. Ne4 Rxf5 44. Nxh4 Rff8 45. Ng5 Nf7 46. Nxf7 Rxf7
47. Re1 Rg8 48. Re3 Rh8 49. Ra3 Rh5 50. Rc3 Re7 51. Kg3 Rg5+ 52. Kf2 Rge5 53.
Kg3 Re1 54. Nf5 Rf7 55. Rf4 Rf6 56. Rfc4 Bxa4 57. Rxc7+ Ka6 58. Ne3 Rg1+ 59. Kf2
Rg8 60. h4 Bb5 61. Re7 Bc6 62. Nc4 Ba8 63. Ne5 Rf4 64. Rcc7 Kb5 65. Re6 Rgf8 66.
Rc3 a4 67. h5 R4f5 68. h6 Bd5 69. Re7 Rh5 70. Rd3 Be4 71. c4+ Kb4 72. Rd4 Bc2
73. Nd7 Rd8 74. Rd6 b5 75. cxb5 a3 76. Ra6 Rxb5 77. Ne5 Kb3 78. Nc6 Rd2+ 79. Ke3
Rd3+ 80. Ke2 Kb2 81. Ne5 Rc3 82. f4 Kb1 83. Nf3 Rb2 84. Nd2+ 0-1

[Event "Qatar Masters Open 2023"]
[Site "Doha QAT"]
[Date "2023.10.15"]
[Round "5.31"]
[White "Liu, Yi"]
[Black "Samant, Aditya S"]
[Result "0-1"]
[WhiteTitle "FM"]
[BlackTitle "IM"]
[WhiteElo "2301"]
[BlackElo "2511"]
[WhiteFideId "3210588"]
[BlackFideId "35080580"]
[EventDate "2023.10.11"]

1. d4 Nf6 2. Nc3 d5 3. Bf4 a6 4. e3 h6 5. Nf3 e6 6. Bd3 c5 7. dxc5 Bxc5 8. e4
Nc6 9. O-O d4 10. Nb1 g5 11. Bg3 Nh5 12. Ne5 Nxg3 13. Nxc6 bxc6 14. fxg3 Bf8 15.
Qh5 Ra7 16. Nd2 Bg7 17. e5 Bxe5 18. Rf2 O-O 19. Qxh6 f5 20. Nc4 Bf6 21. Qh5 g4
22. Rf4 Rff7 23. Rxg4+ fxg4 24. Rf1 Bh8 25. Qxg4+ Bg7 26. Re1 e5 27. Qh5 Qf6 28.
Kh1 Qf2 29. Rg1 Bf5 30. Rf1 Qxf1+ 31. Bxf1 Bg4 0-1

[Event "Qatar Masters Open 2023"]
[Site "Doha QAT"]
[Date "2023.10.15"]
[Round "5.32"]
[White "Tan, Jun Ying"]
[Black "Prraneeth, Vuppala"]
[Result "1/2-1/2"]
[WhiteTitle "CM"]
[BlackTitle "IM"]
[WhiteElo "2250"]
[BlackElo "2510"]
[WhiteFideId "5710413"]
[BlackFideId "46622373"]
[EventDate "2023.10.11"]

1. d4 Nf6 2. c4 e6 3. Nc3 Bb4 4. e3 O-O 5. Ne2 Re8 6. a3 Bf8 7. Ng3 d5 8. Be2 b6
9. O-O Ba6 10. b3 c5 11. dxc5 bxc5 12. cxd5 Bxe2 13. Ngxe2 exd5 14. Nf4 d4 15.
exd4 cxd4 16. Nce2 Nc6 17. Bb2 Qb6 18. Rc1 Rad8 19. Nd3 Ne4 20. b4 Ne7 21. Qa4
Nf5 22. Ng3 Nfxg3 23. hxg3 g6 24. Rfe1 Qb8 25. Qc6 Rc8 26. Qd5 Rcd8 27. Qc6 Re6
28. Qc7 Bg7 29. Qxb8 Rxb8 30. Rc7 a6 31. f3 Nxg3 32. Rxe6 fxe6 33. Nc5 a5 34.
Rxg7+ Kxg7 35. Bxd4+ Kf7 36. Be5 Rb6 37. Bxg3 axb4 38. axb4 Rxb4 39. Ne4 1/2-1/2

[Event "Qatar Masters Open 2023"]
[Site "Doha QAT"]
[Date "2023.10.15"]
[Round "5.33"]
[White "Vantika, Agrawal"]
[Black "Fedoseev, Vladimir3"]
[Result "0-1"]
[WhiteTitle "IM"]
[BlackTitle "GM"]
[WhiteElo "2435"]
[BlackElo "2691"]
[WhiteFideId "25050389"]
[BlackFideId "24130737"]
[EventDate "2023.10.11"]

1. d4 Nf6 2. c4 e6 3. Nf3 a6 4. Nc3 c5 5. e3 d5 6. dxc5 Bxc5 7. a3 a5 8. Be2 O-O
9. O-O Nc6 10. Qc2 Qe7 11. b3 d4 12. exd4 Bxd4 13. Bb2 Ba7 14. Nb5 Bc5 15. Bd3
h6 16. h3 Rd8 17. Rfe1 b6 18. Rad1 Bb7 19. Qc1 Nh5 20. Nc3 Qc7 21. Ne4 Nd4 22.
Bxd4 Bxd4 23. Bb1 Ba1 24. Bc2 Bf6 25. Nxf6+ Nxf6 26. Ne5 Qc5 27. Qe3 Rxd1 28.
Rxd1 Qc7 29. Qd4 Rc8 30. Qd6 Ne8 31. Qxc7 Rxc7 32. Rd8 Kf8 33. Rd7 Bc8 34. Rxc7
Nxc7 35. Be4 Na6 36. Nd3 f5 37. Ba8 Nc5 38. Nxc5 bxc5 39. f4 g5 40. g3 Ke7 41.
Kf2 e5 42. Ke3 Kf6 43. Bc6 Be6 44. h4 gxf4+ 45. gxf4 Bf7 46. Bf3 Be8 47. a4 Bd7
48. Bg2 Be6 49. Bf3 Bc8 50. Bc6 Be6 51. Bf3 Bf7 52. Be2 Bg6 53. Bd1 Ke6 54. Bf3
Kd6 55. Be2 Bf7 56. Bd1 Be6 57. Bf3 Bc8 58. Bd5 Bd7 59. Bg2 Be6 60. Bf3 Bg8 61.
Be2 Bf7 62. Bd1 Ke6 63. Bf3 Bg6 64. h5 Be8 65. Bd5+ Ke7 66. fxe5 Bxh5 67. Kf4
Bd1 68. Kxf5 Bxb3 69. Bc6 Bxc4 70. Ke4 h5 71. Bb5 Bb3 72. Bc6 h4 73. Kf4 Be6 74.
Be4 c4 75. Bc2 Bd7 76. Kf3 Kd8 77. Ke3 h3 78. Kf3 Kc7 79. Kg3 Kb6 80. Bd1 Kc5
81. Bh5 Be6 82. Bf3 Kd4 83. Bc6 c3 0-1

[Event "Qatar Masters Open 2023"]
[Site "Doha QAT"]
[Date "2023.10.15"]
[Round "5.34"]
[White "Lagunow, Raphael"]
[Black "Aravindh, Chithambaram VR."]
[Result "0-1"]
[WhiteTitle "IM"]
[BlackTitle "GM"]
[WhiteElo "2425"]
[BlackElo "2649"]
[WhiteFideId "24652644"]
[BlackFideId "5072786"]
[EventDate "2023.10.11"]

1. e4 c5 2. c3 d5 3. exd5 Nf6 4. Nf3 Nxd5 5. d4 cxd4 6. Qxd4 Nc6 7. Bb5 Nc7 8.
Qxd8+ Kxd8 9. Bxc6 bxc6 10. O-O f6 11. Nd4 c5 12. Nb3 e5 13. f4 c4 14. Na5 Be6
15. Nd2 exf4 16. Rxf4 Bc5+ 17. Kh1 Bd5 18. b3 cxb3 19. Ndxb3 Re8 20. Bd2 Bf8 21.
Rd4 Kc8 22. c4 Be4 23. Bc3 f5 24. Rad1 Ne6 25. R4d2 Be7 26. Be5 Bb4 27. Rd7 Re7
28. Rxe7 Bxe7 29. Nd2 Bc2 30. Rc1 Ba4 31. c5 Bg5 32. Bc3 Rb8 33. Re1 Nxc5 34.
Nf3 Nd3 35. Rf1 Bh6 36. Nc4 g6 37. h4 Kd7 38. Ng5 Rc8 39. Rf3 Nf2+ 40. Rxf2 Rxc4
41. Rd2+ Kc6 42. Rd4 Bb5 43. Rxc4+ Bxc4 44. a4 Bb3 45. a5 Bg8 46. Nf3 Kb5 47. h5
gxh5 48. Kh2 Bf4+ 49. Kh3 Bd5 50. Kh4 Bxf3 51. gxf3 a6 52. Kxh5 Kc4 53. Bf6 Kd3
54. Kh4 Ke2 55. Kh5 Kxf3 56. Bh4 Ke2 0-1

[Event "Qatar Masters Open 2023"]
[Site "Doha QAT"]
[Date "2023.10.15"]
[Round "5.35"]
[White "Gupta, Abhijeet"]
[Black "Viani, Antonio Dcunha"]
[Result "1-0"]
[WhiteTitle "GM"]
[BlackTitle "IM"]
[WhiteElo "2609"]
[BlackElo "2410"]
[WhiteFideId "5010608"]
[BlackFideId "5027330"]
[EventDate "2023.10.11"]

1. d4 Nf6 2. c4 e6 3. Nf3 d5 4. g3 dxc4 5. Bg2 c5 6. O-O Nc6 7. dxc5 Qxd1 8.
Rxd1 Bxc5 9. Nbd2 c3 10. bxc3 O-O 11. Nb3 Be7 12. c4 Bd7 13. Bb2 Rfd8 14. Nfd4
Rac8 15. Nb5 b6 16. Nd6 Rb8 17. Rd2 a5 18. Rad1 a4 19. Nd4 Na5 20. Ba3 Bxd6 21.
Bxd6 Rbc8 22. Be7 Re8 23. Bxf6 gxf6 24. Nf5 exf5 25. Rxd7 Rxe2 26. Bd5 Rf8 27.
c5 b5 28. c6 Rc2 29. c7 Kg7 30. Re1 b4 31. Ree7 f4 32. Bxf7 Kh6 33. Be6 fxg3 34.
hxg3 f5 35. Rd6 Rf6 36. Rd5 b3 37. axb3 axb3 38. Rxa5 b2 39. Rb5 Rf8 40. c8=Q 1-0

[Event "Qatar Masters Open 2023"]
[Site "Doha QAT"]
[Date "2023.10.15"]
[Round "5.36"]
[White "Parligras, Mircea-Emilian"]
[Black "Divya, Deshmukh"]
[Result "1-0"]
[WhiteTitle "GM"]
[BlackTitle "WGM"]
[WhiteElo "2561"]
[BlackElo "2408"]
[WhiteFideId "1204297"]
[BlackFideId "35006916"]
[EventDate "2023.10.11"]

1. Nf3 Nf6 2. c4 e6 3. g3 d5 4. Bg2 Be7 5. O-O O-O 6. d4 dxc4 7. Qc2 b5 8. a4 b4
9. Ne5 Qxd4 10. Bxa8 Qxe5 11. Bf4 Qh5 12. Bf3 Ng4 13. Bxg4 Qxg4 14. Qxc4 e5 15.
Qxc7 exf4 16. Qxe7 fxg3 17. Nd2 gxf2+ 18. Kxf2 Qd4+ 19. Qe3 Qxb2 20. Nf3 Nc6 21.
Rac1 Qf6 22. Rc5 h6 23. Qe4 Bd7 24. Rd1 Re8 25. Qc4 Nb8 26. a5 Ba4 27. Rc8 Qe7
28. Rd4 Nc6 29. Rxe8+ Qxe8 30. Rd6 Qc8 31. Qd5 Qc7 32. Rd7 Qf4 33. a6 b3 34. Rb7
g5 35. h3 Kg7 36. Qc5 Qe4 37. Qc3+ Kg8 38. Qf6 Qd5 39. Qxh6 Bb5 40. Qxg5+ Qxg5
41. Nxg5 Bxa6 42. Rxb3 Bxe2 43. Nxf7 Kxf7 44. Rb7+ Ke6 45. Kxe2 a5 46. Ke3 Kd5
47. h4 a4 48. h5 a3 49. Rb3 Ne5 50. Kf4 Nc4 51. Rb4 Kc5 52. Ra4 Kb5 53. Rxa3 1-0

[Event "Qatar Masters Open 2023"]
[Site "Doha QAT"]
[Date "2023.10.15"]
[Round "5.37"]
[White "Mohammad, Nubairshah Shaikh"]
[Black "Bellahcene, Bilel"]
[Result "0-1"]
[WhiteTitle "IM"]
[BlackTitle "GM"]
[WhiteElo "2432"]
[BlackElo "2520"]
[WhiteFideId "5053196"]
[BlackFideId "696358"]
[EventDate "2023.10.11"]

1. d4 Nf6 2. Nf3 e6 3. g3 d5 4. Bg2 Be7 5. O-O O-O 6. c4 Nbd7 7. Qc2 a5 8. Nbd2
c5 9. Rd1 a4 10. e4 cxd4 11. exd5 e5 12. Re1 Bd6 13. c5 d3 14. Qc3 Bxc5 15. Qxd3
Qb6 16. Re2 Re8 17. Ng5 Bd4 18. Nc4 Qa6 19. Be3 b5 20. Na3 b4 21. Nb5 Nc5 22.
Qc4 Bd7 23. d6 Qxb5 24. Qxf7+ Kh8 25. Bxd4 exd4 26. Re7 Rxe7 27. dxe7 Rg8 28.
Bd5 h6 29. Bc4 Qc6 30. h4 hxg5 31. hxg5 Bh3 32. Bf1 Bxf1 33. Rxf1 Qd5 34. Qg6
Qe4 35. Qf7 Nh7 36. f3 Qe6 37. g6 Ng5 38. Kg2 Nxf7 39. gxf7 Qe2+ 40. Rf2 Qxe7
41. Kf1 g6 42. Rh2+ Kg7 43. fxg8=Q+ Kxg8 0-1

[Event "Qatar Masters Open 2023"]
[Site "Doha QAT"]
[Date "2023.10.15"]
[Round "5.38"]
[White "Zou, Chen"]
[Black "Suleymenov, Alisher"]
[Result "1/2-1/2"]
[WhiteTitle "IM"]
[BlackTitle "GM"]
[WhiteElo "2418"]
[BlackElo "2512"]
[WhiteFideId "8610959"]
[BlackFideId "13707833"]
[EventDate "2023.10.11"]

1. e4 c5 2. Nf3 d6 3. d4 cxd4 4. Nxd4 Nf6 5. Nc3 Nc6 6. Bg5 Bd7 7. Qd2 Rc8 8.
O-O-O Nxd4 9. Qxd4 Qa5 10. f4 h6 11. Bxf6 gxf6 12. Kb1 Qc5 13. Qd3 h5 14. Nd5
Rg8 15. g3 h4 16. Be2 a6 17. Rd2 Bg7 18. Ne3 Rh8 19. g4 Bh6 20. Rf1 Be6 21. Nf5
Kd7 22. Qd4 Rc7 23. c3 Bc4 24. Bxc4 Qxc4 25. Rf3 Qxd4 26. Rxd4 Kc8 27. Rd1 Bf8
28. Rh3 Rc4 29. Rd4 Rc5 30. Rxh4 Rxh4 31. Nxh4 Kd7 32. Kc2 Bh6 33. Ng2 e5 34.
fxe5 fxe5 35. Rd1 Rc4 36. Kd3 Ra4 37. a3 d5 38. Re1 Ke6 39. h4 f6 40. g5 fxg5
41. exd5+ Kxd5 42. Ne3+ Ke6 43. hxg5 e4+ 44. Kc2 Bxg5 45. b3 Rxa3 46. Kb2 Ra5
47. Nc4 Rf5 48. Rxe4+ Kd7 49. b4 Bf6 50. Re3 b5 51. Na5 Rf2+ 52. Kb3 Bg5 53.
Rd3+ Kc7 54. c4 Bf6 55. cxb5 axb5 56. Rd5 Kb6 57. Rd6+ Ka7 1/2-1/2

[Event "Qatar Masters Open 2023"]
[Site "Doha QAT"]
[Date "2023.10.15"]
[Round "5.39"]
[White "Dai, Changren"]
[Black "Bai, Adelard"]
[Result "1/2-1/2"]
[WhiteTitle "GM"]
[BlackTitle "FM"]
[WhiteElo "2507"]
[BlackElo "2395"]
[WhiteFideId "8608156"]
[BlackFideId "16301188"]
[EventDate "2023.10.11"]

1. d4 Nf6 2. c4 e6 3. Nf3 Bb4+ 4. Bd2 Bxd2+ 5. Qxd2 d5 6. e3 O-O 7. Be2 dxc4 8.
Na3 c5 9. Nxc4 cxd4 10. Nxd4 Qe7 11. O-O e5 12. Nf3 Rd8 13. Qc3 e4 14. Nd4 Nd5
15. Qb3 Nf4 16. exf4 Rxd4 17. Ne5 Be6 18. Qe3 Rb4 19. b3 Nd7 20. Rfd1 Nxe5 21.
fxe5 a5 22. Rd6 Rc8 23. Rad1 g6 24. h3 Kg7 25. Qd2 h6 26. h4 Rc5 27. Qf4 Rc3 28.
Bc4 Bxc4 29. bxc4 Rbxc4 30. Rd7 e3 31. Qxc4 Qxd7 32. Rxd7 Rxc4 33. fxe3 Re4 34.
Kf2 Rxe5 35. Rxb7 1/2-1/2

[Event "Qatar Masters Open 2023"]
[Site "Doha QAT"]
[Date "2023.10.15"]
[Round "5.40"]
[White "Jin, Yueheng"]
[Black "Raja, Rithvik R"]
[Result "0-1"]
[BlackTitle "GM"]
[WhiteElo "2398"]
[BlackElo "2495"]
[WhiteFideId "8616868"]
[BlackFideId "35007394"]
[EventDate "2023.10.11"]

1. d4 Nf6 2. c4 e6 3. g3 d5 4. Nf3 dxc4 5. Bg2 Nc6 6. Qa4 Bb4+ 7. Bd2 Nd5 8.
Bxb4 Nxb4 9. O-O Rb8 10. Nc3 a6 11. Ne5 O-O 12. Nxc6 Nxc6 13. Bxc6 bxc6 14. Qxc4
Rxb2 15. Rab1 Rd2 16. Rfd1 Rxd1+ 17. Rxd1 Qd6 18. e3 h6 19. Rc1 e5 20. dxe5 Qxe5
21. Qxc6 Rd8 22. a4 Bh3 23. Ne2 Rd6 24. Qc4 c5 25. Nf4 Bf5 26. e4 Bxe4 27. Re1
Rd4 28. Qxa6 Qf5 29. a5 Bf3 30. Ng2 c4 31. Qb6 Qh3 32. Ne3 Re4 33. Qb8+ Kh7 34.
Qb2 c3 35. Qc2 g6 36. a6 Re5 37. Qb3 Qxh2+ 0-1

[Event "Qatar Masters Open 2023"]
[Site "Doha QAT"]
[Date "2023.10.15"]
[Round "5.41"]
[White "Abdisalimov, Abdimalik"]
[Black "Panesar, Vedant"]
[Result "1/2-1/2"]
[WhiteTitle "GM"]
[BlackTitle "FM"]
[WhiteElo "2487"]
[BlackElo "2372"]
[WhiteFideId "14206323"]
[BlackFideId "35033018"]
[EventDate "2023.10.11"]

1. Nf3 d5 2. d4 Nf6 3. c4 e6 4. Nc3 Bb4 5. Qa4+ Nc6 6. e3 O-O 7. Qc2 Qe7 8. a3
Bxc3+ 9. bxc3 Na5 10. a4 b6 11. c5 bxc5 12. Ba3 Nb7 13. Bb5 Bd7 14. Ba6 Rfb8 15.
O-O Qe8 16. Bxb7 Rxb7 17. Bxc5 Ne4 18. c4 Nxc5 19. dxc5 dxc4 20. Qxc4 Rab8 21.
Qa6 e5 22. Nd2 Qe6 23. Qa5 Qg6 24. f3 Qd3 25. Rfe1 Bc6 26. Nf1 h5 27. e4 h4 28.
h3 Qd4+ 29. Ne3 Be8 30. Kh1 Qb4 31. Qxb4 Rxb4 32. Nd5 Rxa4 33. Rxa4 Bxa4 34. Ra1
Bb5 35. Rxa7 c6 36. Ne7+ Kf8 37. Nf5 Bc4 38. Nxh4 Rb1+ 39. Kh2 g6 40. Rc7 Bb5
41. Kg3 Rc1 42. Kg4 Rxc5 43. Kg5 Ke8 44. Kf6 Bc4 45. Re7+ Kd8 46. Rxe5 Rxe5 47.
Kxe5 Bf1 48. f4 c5 49. Kd5 c4 50. Kd4 Ke7 51. g3 Kf6 52. Nf3 Bxh3 53. Kxc4 Bg2
54. Nd2 g5 55. f5 Bh3 56. Kd3 Bxf5 57. exf5 Kxf5 58. Ke3 Kg4 59. Kf2 f5 60. Kg2
f4 1/2-1/2

[Event "Qatar Masters Open 2023"]
[Site "Doha QAT"]
[Date "2023.10.15"]
[Round "5.42"]
[White "Audi, Ameya"]
[Black "Chandra, Akshat"]
[Result "0-1"]
[WhiteTitle "IM"]
[BlackTitle "GM"]
[WhiteElo "2372"]
[BlackElo "2486"]
[WhiteFideId "25034430"]
[BlackFideId "25006711"]
[EventDate "2023.10.11"]

1. e4 c6 2. d4 d5 3. exd5 cxd5 4. Bd3 Nf6 5. c3 Qc7 6. Ne2 Bg4 7. f3 Bh5 8. Bf4
Qd7 9. Bxb8 Rxb8 10. Qb3 Kd8 11. c4 e6 12. Nbc3 dxc4 13. Bxc4 Bd6 14. O-O Ke7
15. Bb5 Qc7 16. Rac1 Qa5 17. Ne4 Nxe4 18. fxe4 Qb6 19. Qe3 Qxb5 20. Nc3 Qa5 21.
e5 Bxe5 22. Qg5+ Kf8 23. dxe5 Bg6 24. h4 Kg8 25. h5 h6 26. Qg4 Bf5 27. Qf4 Rd8
28. Ne2 Qd2 29. Rcd1 Qxd1 30. Rxd1 Rxd1+ 31. Kf2 g5 32. Qa4 Rd2 33. Qb4 Rd7 34.
g4 Bd3 35. Nc3 Kg7 36. Qa4 b5 37. Qd1 Rhd8 38. Qf3 b4 39. Na4 Rc8 40. Qf6+ Kh7
41. b3 Rc1 42. Ke3 Rf1 43. Nc5 Rxf6 44. exf6 Bb5 0-1

[Event "Qatar Masters Open 2023"]
[Site "Doha QAT"]
[Date "2023.10.15"]
[Round "5.43"]
[White "Pham Tran Gia Phuc"]
[Black "Stearman, Josiah"]
[Result "1-0"]
[WhiteTitle "FM"]
[BlackTitle "IM"]
[WhiteElo "2384"]
[BlackElo "2476"]
[WhiteFideId "12415669"]
[BlackFideId "2062496"]
[EventDate "2023.10.11"]

1. d4 Nf6 2. Bf4 d5 3. Nf3 e6 4. e3 c5 5. c3 Nc6 6. Nbd2 cxd4 7. exd4 Nh5 8. Be3
Bd6 9. Ne5 g6 10. Nd3 f5 11. Bh6 Qc7 12. Nf3 Bd7 13. Be2 Rg8 14. Bg5 Nf4 15. Qd2
Nxd3+ 16. Bxd3 Nd8 17. Qe2 Nf7 18. Bf6 Be7 19. Bxe7 Kxe7 20. O-O Kf6 21. Rfe1 g5
22. Qd2 b5 23. b3 Rac8 24. Rac1 Qf4 25. Qe2 g4 26. Ne5 Nxe5 27. dxe5+ Ke7 28. g3
Qh6 29. Bxb5 Rgd8 30. Ba6 Rc7 31. Qb2 Bc6 32. Qa3+ Ke8 33. Qa5 Rdd7 34. Qb4 Qg7
35. Bf1 h5 36. Qf4 h4 37. c4 hxg3 38. cxd5 gxh2+ 39. Qxh2 Bxd5 40. Bb5 Kd8 41.
Bxd7 Rxd7 42. Qh4+ Re7 43. Rc5 Qh7 44. Rxd5+ exd5 45. Qf6 g3 46. fxg3 Qg7 47.
Qd6+ Rd7 48. Qb8+ Ke7 49. e6 Qc3 50. Re2 Rc7 51. Qg8 Qd4+ 52. Kg2 Qg4 53. Qf7+
Kd6 54. Qf8+ Kc6 55. Rc2+ Kb7 56. Rxc7+ Kxc7 57. Qc5+ Kb8 58. Kf2 f4 59. Qd6+
Kc8 60. gxf4 Qh4+ 61. Ke2 Qg4+ 62. Kd2 Qg2+ 63. Kc3 Qxa2 64. Qxd5 Qa1+ 65. Kb4
Qe1+ 66. Kb5 a6+ 67. Kxa6 Qb4 68. Qd7+ 1-0

[Event "Qatar Masters Open 2023"]
[Site "Doha QAT"]
[Date "2023.10.15"]
[Round "5.45"]
[White "Lee, Jun Hyeok"]
[Black "Ohanyan, Emin"]
[Result "0-1"]
[WhiteTitle "IM"]
[BlackTitle "IM"]
[WhiteElo "2362"]
[BlackElo "2474"]
[WhiteFideId "13202340"]
[BlackFideId "13312022"]
[EventDate "2023.10.11"]

1. e4 e6 2. d4 d5 3. Nc3 Nf6 4. e5 Nfd7 5. f4 c5 6. Nf3 Nc6 7. Ne2 Be7 8. c3 O-O
9. g3 Qb6 10. Bh3 cxd4 11. cxd4 f6 12. Bxe6+ Kh8 13. Bxd5 fxe5 14. fxe5 Ndxe5
15. dxe5 Nxe5 16. Bf4 Nxf3+ 17. Bxf3 Bb4+ 18. Nc3 Re8+ 19. Kf1 Bh3+ 20. Bg2 Qa6+
21. Kf2 Bc5+ 22. Kf3 Qc6+ 23. Qd5 Rad8 24. Qxc6 Rd3+ 25. Be3 Rdxe3+ 26. Kf4 Rf8+
27. Kg5 Be7+ 28. Kh5 Rf5# 0-1

[Event "Qatar Masters Open 2023"]
[Site "Doha QAT"]
[Date "2023.10.15"]
[Round "5.46"]
[White "Stany, G.A."]
[Black "Jain, Kashish Manoj"]
[Result "1/2-1/2"]
[WhiteTitle "GM"]
[BlackTitle "FM"]
[WhiteElo "2469"]
[BlackElo "2338"]
[WhiteFideId "5029104"]
[BlackFideId "35081098"]
[EventDate "2023.10.11"]

1. e4 c5 2. Nf3 d6 3. d4 cxd4 4. Nxd4 Nf6 5. Nc3 Nc6 6. Bg5 e6 7. Qd3 Be7 8.
O-O-O O-O 9. h4 Bd7 10. Kb1 Rc8 11. Nb3 Ne5 12. Qd4 Bc6 13. Be2 Qc7 14. Bxf6
gxf6 15. f4 Nd7 16. g4 a5 17. a4 Qb6 18. Rh3 Qxd4 19. Rxd4 b6 20. Ba6 Rcd8 21.
Bb5 Ba8 22. Nd2 Nc5 23. Nc4 Rb8 24. Nd2 Rfd8 25. f5 Bf8 26. Rf3 Bh6 27. Nc4 Bf4
28. Rd1 Be5 29. Nxe5 fxe5 30. fxe6 fxe6 31. Rf6 Rbc8 32. Bc4 Kg7 33. Rdf1 Rf8
34. Rxf8 Rxf8 35. Rxf8 Kxf8 36. Kc1 Nxe4 37. Nxe4 Bxe4 38. Bxe6 1/2-1/2

[Event "Qatar Masters Open 2023"]
[Site "Doha QAT"]
[Date "2023.10.15"]
[Round "5.47"]
[White "Bagwe, Gaurang"]
[Black "Assaubayeva, Bibisara"]
[Result "0-1"]
[WhiteTitle "FM"]
[BlackTitle "IM"]
[WhiteElo "2348"]
[BlackElo "2469"]
[WhiteFideId "45039895"]
[BlackFideId "13708694"]
[EventDate "2023.10.11"]

1. e4 e5 2. Nf3 Nc6 3. Bb5 a6 4. Ba4 d6 5. c3 Bd7 6. O-O g6 7. d4 Bg7 8. d5 Nce7
9. Bxd7+ Qxd7 10. c4 h6 11. Nc3 f5 12. Nd2 Nf6 13. b4 O-O 14. f3 c6 15. Bb2 g5
16. Qe2 f4 17. a4 g4 18. a5 Ng6 19. Kf2 Kh8 20. Ke1 Rg8 21. Kd1 Bf8 22. Kc2 Be7
23. Kb3 gxf3 24. Nxf3 Rg7 25. Rad1 Rag8 26. Rd2 Qc7 27. Na4 Nd7 28. Qf2 c5 29.
Bc3 cxb4 30. Bxb4 Ngf8 31. Nh4 Nf6 32. Qf3 Ng4 33. Qh3 Bxh4 34. Qxh4 Nh7 35. Rc1
Ngf6 36. Qxh6 Rxg2 37. Rxg2 Rxg2 38. Qh3 Re2 39. Qe6 Re3+ 40. Nc3 Nxe4 41. Qe8+
Kg7 42. Rg1+ Nhg5 43. h4 Qxc4+ 44. Ka3 Rxc3+ 45. Bxc3 Qxc3+ 46. Ka2 Qxa5+ 47.
Kb2 Qb6+ 48. Ka3 Qxg1 49. hxg5 Qc5+ 50. Ka4 Qb5+ 0-1

[Event "Qatar Masters Open 2023"]
[Site "Doha QAT"]
[Date "2023.10.15"]
[Round "5.48"]
[White "Mayank, Chakraborty"]
[Black "Tarhan, Adar"]
[Result "1/2-1/2"]
[WhiteTitle "CM"]
[BlackTitle "FM"]
[WhiteElo "2333"]
[BlackElo "2445"]
[WhiteFideId "25659766"]
[BlackFideId "34544712"]
[EventDate "2023.10.11"]

1. e4 e5 2. Nf3 Nc6 3. Nc3 Nf6 4. d4 exd4 5. Nxd4 Bb4 6. Nxc6 bxc6 7. Bd3 d5 8.
exd5 O-O 9. O-O cxd5 10. h3 c6 11. Qf3 Rb8 12. Bf4 Bd6 13. b3 Rb4 14. Bxd6 Qxd6
15. a3 Rb7 16. Qg3 Qd8 17. Rad1 Re8 18. Na4 Rbe7 19. Nc5 Re5 20. Qh4 h6 21. b4
Qd6 22. c4 Rh5 23. Qg3 Qxg3 24. fxg3 Rg5 25. Kh2 Re3 26. Rf3 Rge5 27. Rxe3 Rxe3
28. cxd5 cxd5 29. a4 Kf8 30. Ba6 Bxa6 31. Nxa6 Ke7 32. Nc7 Re4 1/2-1/2

[Event "Qatar Masters Open 2023"]
[Site "Doha QAT"]
[Date "2023.10.15"]
[Round "5.49"]
[White "Bakhrillaev, Bakhrom"]
[Black "Shyaamnikhil, P"]
[Result "0-1"]
[WhiteTitle "FM"]
[BlackTitle "IM"]
[WhiteElo "2302"]
[BlackElo "2442"]
[WhiteFideId "14212285"]
[BlackFideId "5024218"]
[EventDate "2023.10.11"]

1. d4 Nf6 2. c4 e6 3. Nc3 Bb4 4. e3 d5 5. Nf3 O-O 6. Bd3 c5 7. O-O dxc4 8. Bxc4
Nbd7 9. Qb3 b6 10. a3 Bxc3 11. Qxc3 Bb7 12. Be2 Rc8 13. Rd1 Qc7 14. h3 Qb8 15.
Qe1 Rfd8 16. Bd2 Ne4 17. Rac1 Bd5 18. Bc4 Qb7 19. Bxd5 exd5 20. dxc5 bxc5 21.
Ba5 Re8 22. Nd2 Nef6 23. b3 Rc6 24. Qf1 Ra6 25. Bc3 Rxa3 26. Ra1 Rxa1 27. Rxa1
Re6 28. Ra4 h6 29. Qa1 a6 30. Ra5 Ne8 31. Qa4 Rg6 32. g3 Re6 33. Qa1 Rc6 34. Qa4
Rb6 35. Qh4 Qc6 36. Qe7 Qe6 37. Qh4 Nd6 38. Ra4 Nf8 39. Rg4 Nf5 40. Qd8 Rd6 41.
Qb8 h5 42. Rf4 Ne7 43. h4 f6 44. Qc7 Rc6 45. Qa5 Qd7 46. Qa1 Ne6 47. Ra4 Nc7 48.
Qd1 Qe8 49. Bb2 Qg6 50. Nb1 Ne6 51. Nc3 d4 52. exd4 cxd4 53. Ne2 Nf5 54. Qd3
Nxh4 55. Qxg6 Nxg6 56. Nxd4 Nxd4 57. Bxd4 0-1

[Event "Qatar Masters Open 2023"]
[Site "Doha QAT"]
[Date "2023.10.15"]
[Round "5.50"]
[White "Iniyan, P"]
[Black "Rakesh, Kumar Jena"]
[Result "1-0"]
[WhiteTitle "GM"]
[BlackTitle "IM"]
[WhiteElo "2510"]
[BlackElo "2312"]
[WhiteFideId "25002767"]
[BlackFideId "5084822"]
[EventDate "2023.10.11"]

1. d4 d5 2. c4 e6 3. Nc3 c5 4. cxd5 cxd4 5. Qa4+ Bd7 6. Qxd4 exd5 7. Qxd5 Nf6 8.
Qd1 Nc6 9. e3 Be7 10. Nf3 O-O 11. Be2 Qb6 12. Qc2 Rac8 13. O-O Qc5 14. e4 Bd6
15. Be3 Qh5 16. Qd2 Bb4 17. Ng5 Qg6 18. f4 Bg4 19. e5 Rfd8 20. Qe1 Re8 21. Nf3
Nd5 22. Bd2 Nxc3 23. bxc3 Bc5+ 24. Kh1 Qh5 25. Qg3 Rcd8 26. Rad1 Re6 27. h3 Rg6
28. Qh2 Bxf3 29. Bxf3 Qf5 30. g4 Qc2 31. f5 Nxe5 32. Qxe5 Rgd6 33. Qxc5 h5 34.
f6 Rxf6 35. Qe7 Rfd6 36. Bh6 1-0